000 00297nam a2200145Ia 4500
100 _aBerry/Michael J.A
942 _cBK
654 _adata mining
245 _aMastering Data Mining
260 _bJohn Wiley
_c2003
082 _a5.74
_bBER
300 _a494
546 _aENGLISH
999 _c29767
_d29767